С. Е. Савицкая - первая женщина в открытом космосе (к 30-летию первого в мире выхода женщины в открытый космос); Проблемы геологии и освоения недр; Т. 1
| Parent link: | Проблемы геологии и освоения недр: труды XIX Международного симпозиума имени академика М. А. Усова студентов и молодых ученых, посвященного 70-летнему юбилею Победы советского народа над фашистской Германией, Томск, 6-10 апреля 2015 г./ Национальный исследовательский Томский политехнический университет (ТПУ), Институт природных ресурсов (ИПР) ; Общество инженеров-нефтяников, международная некоммерческая организация, Студенческий чаптер ; под ред. А. Ю. Дмитриева.— , 2015 Т. 1.— [С. 485-486] |
|---|---|
| المؤلف الرئيسي: | |
| مؤلف مشترك: | |
| مؤلفون آخرون: | |
| الملخص: | Заглавие с экрана |
| اللغة: | الروسية |
| منشور في: |
|
| سلاسل: | Космогеологические исследования |
| الموضوعات: | |
| الوصول للمادة أونلاين: | http://earchive.tpu.ru/handle/11683/22676 http://www.lib.tpu.ru/fulltext/c/2015/C11/V1/218.pdf |
| التنسيق: | الكتروني فصل الكتاب |
| KOHA link: | https://koha.lib.tpu.ru/cgi-bin/koha/opac-detail.pl?biblionumber=615001 |
MARC
| LEADER | 00000naa2a2200000 4500 | ||
|---|---|---|---|
| 001 | 615001 | ||
| 005 | 20231102023524.0 | ||
| 035 | |a (RuTPU)RU\TPU\conf\13178 | ||
| 035 | |a RU\TPU\conf\13177 | ||
| 090 | |a 615001 | ||
| 100 | |a 20151021d2015 k y0rusy50 ca | ||
| 101 | 0 | |a rus | |
| 102 | |a RU | ||
| 105 | |a y z 100zy | ||
| 135 | |a drcn ---uucaa | ||
| 181 | 0 | |a i | |
| 182 | 0 | |a b | |
| 200 | 1 | |a С. Е. Савицкая - первая женщина в открытом космосе (к 30-летию первого в мире выхода женщины в открытый космос) |f И. Е. Чаплин |g науч. рук. Г. М. Иванова | |
| 203 | |a Текст |c электронный | ||
| 225 | 1 | |a Космогеологические исследования | |
| 230 | |a 1 компьютерный файл (pdf; 643 Kb) | ||
| 300 | |a Заглавие с экрана | ||
| 320 | |a [Библиогр.: с. 486 (3 назв.)] | ||
| 337 | |a Adobe Reader | ||
| 461 | 1 | |0 (RuTPU)RU\TPU\conf\12865 |t Проблемы геологии и освоения недр |o труды XIX Международного симпозиума имени академика М. А. Усова студентов и молодых ученых, посвященного 70-летнему юбилею Победы советского народа над фашистской Германией, Томск, 6-10 апреля 2015 г. |o в 2 т. |f Национальный исследовательский Томский политехнический университет (ТПУ), Институт природных ресурсов (ИПР) ; Общество инженеров-нефтяников, международная некоммерческая организация, Студенческий чаптер ; под ред. А. Ю. Дмитриева |d 2015 | |
| 463 | 1 | |0 (RuTPU)RU\TPU\conf\12868 |t Т. 1 |v [С. 485-486] | |
| 600 | 1 | |a Савицкая |b С. Е. |c российский космонавт |f 1948- |g Светлана Евгеньевна |2 stltpush |3 (RuTPU)RU\TPU\pers\5582 |9 1115 | |
| 610 | 1 | |a труды учёных ТПУ | |
| 610 | 1 | |a электронный ресурс | |
| 610 | 1 | |a космос | |
| 610 | 1 | |a открытый космос | |
| 610 | 1 | |a женщины-космонавтки | |
| 700 | 1 | |a Чаплин |b И. Е. | |
| 702 | 1 | |a Иванова |b Г. М. |c российский геолог |c доцент Томского политехнического университета |g Галина Михайловна |2 stltpush |4 727 | |
| 712 | 0 | 2 | |a Национальный исследовательский Томский политехнический университет (ТПУ) |c (2009- ) |2 stltpush |3 (RuTPU)RU\TPU\col\15902 |
| 801 | 2 | |a RU |b 63413507 |c 20210118 |g RCR | |
| 856 | 4 | |u http://earchive.tpu.ru/handle/11683/22676 | |
| 856 | 4 | |u http://www.lib.tpu.ru/fulltext/c/2015/C11/V1/218.pdf | |
| 942 | |c BK | ||